|
|
|
|
| LEADER |
00582nam a2200181 a 4500 |
| 005 |
20151028162122.0 |
| 008 |
960221s1955 dcuabcdjdbkoqu001 0deng d |
| 003 |
ViArRB |
| 082 |
|
|
|a 574.929
|b J11
|
| 100 |
|
|
|a Ford, Richard L. F.
|9 21022
|
| 245 |
|
|
|a Pond life
|
| 490 |
|
|
|a Black's young naturalist's series
|
| 653 |
|
|
|a Fresh water biology
|
| 942 |
|
|
|c BK
|6 _
|
| 260 |
|
|
|a London
|b Adam and charles black
|c 1951
|
| 500 |
|
|
|a School of Marine Sciences
|
| 999 |
|
|
|c 75466
|d 75466
|
| 952 |
|
|
|0 0
|1 0
|2 ddc
|4 0
|6 574929_J11
|7 0
|9 88056
|a SOS
|b SOS
|d 2010-03-12
|o 574.929 J11
|p MS001446
|r 2013-06-14
|w 2009-07-13
|y BK
|